Under the influence (Record no. 68144)

MARC details
000 -LEADER
fixed length control field 00856cam a2200217 4500
001 - CONTROL NUMBER
control field ABS64416
008 - FIXED-LENGTH DATA ELEMENTS--GENERAL INFORMATION
fixed length control field 010904n2001 000 0 eng u
035 ## - SYSTEM CONTROL NUMBER
System control number (Sirsi) u114419
100 ## - MAIN ENTRY--PERSONAL NAME
Personal name Moor, N
245 ## - TITLE STATEMENT
Title Under the influence
260 ## - PUBLICATION, DISTRIBUTION, ETC.
Date of publication, distribution, etc. 2001
490 ## - SERIES STATEMENT
Series statement Building Homes
Volume/sequential designation July/August 2001, 30-31(2)
520 ## - SUMMARY, ETC.
Summary, etc. Looks at the increasing politicisation of planning and its implications, looking briefly at the need to modernise the planning system and for housebuilders to be involved in the debate in order to help bring about the required legal and administrative changes to alleviate planning delays.
590 ## - LOCAL NOTE (RLIN)
Local note ABS
650 ## - SUBJECT ADDED ENTRY--TOPICAL TERM
Topical term or geographic name entry element PLANNING SYSTEM
650 ## - SUBJECT ADDED ENTRY--TOPICAL TERM
Topical term or geographic name entry element PLANNING REFORM
650 ## - SUBJECT ADDED ENTRY--TOPICAL TERM
Topical term or geographic name entry element POLITICAL INFLUENCE
650 ## - SUBJECT ADDED ENTRY--TOPICAL TERM
Topical term or geographic name entry element GOVERNMENT POLICY
690 ## - LOCAL SUBJECT ADDED ENTRY--TOPICAL TERM (OCLC, RLIN)
Topical term or geographic name as entry element ENVIRONMENTAL AND LAND CONSULTANCY-PLANNING AND DEVELOPMENT
942 ## - ADDED ENTRY ELEMENTS (KOHA)
Suppress in OPAC 0
Holdings
Withdrawn status Lost status Source of classification or shelving scheme Damaged status Not for loan Home library Current library Shelving location Date acquired Total Checkouts Full call number Barcode Date last seen Copy number Price effective from Koha item type
    Dewey Decimal Classification     London London Journal article 04/09/2001   ABS64416 114419-1001 06/08/2019 1 06/08/2019 Journal article